K otázkam vývoja, štruktúry a metodológie systému národných účtov.
Základné metodologické poznatky, ktoré sú východiskom konštrukcie a implementácie systému národných účtov. Náčrt vývoja národných účtov a princípov zobrazenia procesu reprodukcie v systéme národných účtov. Triedenie zobrazovaných ekonomických javov a procesov. Konštrukcia input-output tabuliek tvori...
Salvato in:
| Autore principale: | |
|---|---|
| Altri autori: | |
| Natura: | Capitolo di libro |
| Lingua: | slovacco |
| Soggetti: | |
| Tags: |
Nessun Tag, puoi essere il primo ad aggiungerne!!
|
MARC
| LEADER | 00000naa a2200000 4500 | ||
|---|---|---|---|
| 001 | r002197 | ||
| 005 | 20220819180839.0 | ||
| 041 | 0 | |a slo | |
| 044 | |a [CS] | ||
| 245 | 1 | 0 | |a K otázkam vývoja, štruktúry a metodológie systému národných účtov. |c L. Adamiš, D. Stratil |
| 520 | |a Základné metodologické poznatky, ktoré sú východiskom konštrukcie a implementácie systému národných účtov. Náčrt vývoja národných účtov a princípov zobrazenia procesu reprodukcie v systéme národných účtov. Triedenie zobrazovaných ekonomických javov a procesov. Konštrukcia input-output tabuliek tvoriacich súčasť systému a zásady oceňovania zobrazovaných tokov. | ||
| 610 | 2 | 0 | |a účty národné |
| 610 | 2 | 0 | |a výstavba systémov informačných |
| 610 | 2 | 0 | |a metodológia |
| 610 | 2 | 0 | |a reprodukcia |
| 610 | 2 | 0 | |a tok informácií |
| 610 | 2 | 0 | |a metóda vzťahov medziodvetvových |
| 100 | 1 | |a Adamiš, L. | |
| 700 | 1 | |a Stratil, D. | |